[Event "I Open"]
[Site "Crema ITA"]
[Date "1999.09.17"]
[Round "2"]
[White "Rigo, Gianfrancesco"]
[Black "Drei, Andrea"]
[Result "1/2-1/2"]
[WhiteElo "1873"]
[BlackElo "2349"]
[PlyCount "105"]
[EventDate "1999.09.17"]

1.b3 e5 2.Bb2 d6 3.e3 Nf6 4.d4 exd4 5.Qxd4 Be7 6.Nf3 Nc6 7.Bb5 Bd7 8.Bxc6 
Bxc6 9.Nc3 Qd7 10.e4 Qg4 11.Rg1 Nxe4 12.Nxe4 Qxe4+ 13.Qxe4 Bxe4 14.Nd2 Bc6
15.O-O-O O-O 16.Kb1 Rae8 17.f3 Bg5 18.Nf1 Re6 19.Ng3 g6 20.Rge1 Rfe8 21.
Rxe6 Rxe6 22.a4 f5 23.Bc1 f4 24.Nh1 Kf7 25.Nf2 Re2 26.Rd2 Rxd2 27.Bxd2 Ke6
28.Nh3 Bf6 29.Nxf4+ Kf5 30.Nd3 h5 31.Nb4 Bd7 32.Nd5 Bd8 33.c4 c6 34.Ne3+ 
Ke6 35.Kc2 d5 36.Kd3 Bc7 37.h3 Be5 38.Nc2 Kd6 39.g4 dxc4+ 40.bxc4 c5 41.a5
b5 42.axb6 axb6 43.f4 Bb2 44.Ne3 b5 45.f5 Be8 46.Kc2 Bd4 47.cxb5 Bxe3 48.
Bxe3 gxf5 49.gxf5 Bxb5 50.Bf4+ Kd5 51.Kc3 Bd7 52.f6 Ke6 53.Kc4 1/2-1/2

[Event "I Open"]
[Site "Crema ITA"]
[Date "1999.09.18"]
[Round "3"]
[White "Agrifoglio, Fabio"]
[Black "Mondello, Fernando"]
[Result "1-0"]
[WhiteElo "2010"]
[BlackElo "1563"]
[PlyCount "101"]
[EventDate "1999.09.17"]

1.d4 Nf6 2.c4 g6 3.Nc3 Bg7 4.e4 d6 5.f4 O-O 6.Nf3 Na6 7.Be2 c5 8.d5 Nc7 9.
O-O a6 10.a4 Bd7 11.a5 Rb8 12.e5 Nfe8 13.Qb3 Na8 14.Bd2 b5 15.axb6 Qxb6 
16.Qxb6 Rxb6 17.Ra2 Nec7 18.Ne4 Rfb8 19.Bc3 Ne8 20.Nfd2 f5 21.Nf2 Nac7 22.
Nd3 R6b7 23.Bf3 Bc8 24.Rfa1 Ra7 25.Ra3 Na8 26.b4 cxb4 27.Nxb4 Rxb4 28.Bxb4
dxe5 29.fxe5 Bxe5 30.Bc3 Bxc3 31.Rxc3 Nac7 32.Rb3 Kf7 33.Kf2 e6 34.Rb8 Bd7
35.Nb3 exd5 36.cxd5 Nd6 37.Nc5 Bb5 38.Rb6 Nc4 39.Rb7 Rxb7 40.Nxb7 Ne8 41.
Nc5 Nc7 42.Nb7 Ne8 43.Nd8+ Kf6 44.Nc6 Ne5 45.Nxe5 Kxe5 46.Re1+ Kd6 47.Re6+
Kd7 48.Be2 Nc7 49.Bxb5+ axb5 50.Rb6 Nxd5 51.Rxb5 1-0

[Event "I Open"]
[Site "Crema ITA"]
[Date "1999.09.18"]
[Round "3"]
[White "Annoni, Riccardo"]
[Black "Rigo, Gianfrancesco"]
[Result "1/2-1/2"]
[WhiteElo "1855"]
[BlackElo "1873"]
[PlyCount "72"]
[EventDate "1999.09.17"]

1.e4 e6 2.d4 d5 3.e5 c5 4.c3 Nc6 5.Nf3 Qb6 6.Bd3 cxd4 7.cxd4 Bd7 8.O-O 
Nxd4 9.Nxd4 Qxd4 10.Nc3 a6 11.Qe2 Ne7 12.Kh1 Nc6 13.f4 Nb4 14.Bb1 Bc5 15.
a3 Nc6 16.Bd2 Ba7 17.b4 Rc8 18.Bd3 Qb6 19.Qg4 g6 20.Rac1 h5 21.Qh3 Ne7 22.
Rfe1 Bc6 23.Be3 d4 24.Bf2 Rd8 25.Be4 Bxe4 26.Nxe4 Nf5 27.g4 Ne3 28.Bh4 
hxg4 29.Bxd8 Rxh3 30.Bxb6 Bxb6 31.Rc8+ Kd7 32.Rec1 Nd5 33.Rb8 Nc3 34.Rxb7+
Kc6 35.Rxf7 Kd5 36.Nd2 g3 1/2-1/2

[Event "I Open"]
[Site "Crema ITA"]
[Date "1999.09.18"]
[Round "3"]
[White "Bertoncini, Mauro"]
[Black "Rovedi, Mauro"]
[Result "0-1"]
[WhiteElo "1503"]
[BlackElo "1654"]
[PlyCount "62"]
[EventDate "1999.09.17"]

1.e4 d6 2.d4 Nf6 3.Nc3 g6 4.Be3 Bg7 5.Qd2 Ng4 6.Bf4 Nc6 7.Be2 Nxd4 8.Bxg4 
Bxg4 9.f3 Be6 10.Nge2 c5 11.O-O Bc4 12.Rab1 Nxe2+ 13.Nxe2 Bxa2 14.Ra1 Bc4 
15.c3 O-O 16.Rfd1 Qb6 17.Kh1 Rad8 18.Bh6 Bxh6 19.Qxh6 Bxe2 20.Rd5 Qxb2 21.
Rg1 Qxc3 22.Rg5 Qg7 23.Qh3 h6 24.Rg3 Bc4 25.f4 d5 26.e5 d4 27.Rc1 Be6 28.
Qh4 d3 29.Rd1 c4 30.Qh5 gxh5 31.Rxg7+ Kxg7 0-1

[Event "I Open"]
[Site "Crema ITA"]
[Date "1999.09.18"]
[Round "3"]
[White "Castagneti, Marco"]
[Black "Mastrorilli, Nicola"]
[Result "0-1"]
[WhiteElo "1630"]
[BlackElo "1932"]
[PlyCount "64"]
[EventDate "1999.09.17"]

1.e4 c5 2.Nf3 g6 3.d4 Bg7 4.Be3 Qb6 5.b3 Nc6 6.dxc5 Qb4+ 7.c3 Qxe4 8.Qd3 
Nf6 9.a3 O-O 10.Be2 Rd8 11.Qxe4 Nxe4 12.Nd4 Nxc3 13.Nxc6 dxc6 14.Nd2 Nxe2 
15.Kxe2 Bxa1 16.Rxa1 Bf5 17.b4 a5 18.Nb3 axb4 19.axb4 Rxa1 20.Nxa1 Ra8 21.
Nb3 Ra2+ 22.Bd2 Be6 23.Na5 Bc8 24.h3 h5 25.Ke3 f6 26.Be1 Kf7 27.Kf4 Re2 
28.Bc3 Rxf2+ 29.Kg3 Rc2 30.Be1 Ke6 31.Nb3 Kd5 32.Kh2 Re2 0-1

[Event "I Open"]
[Site "Crema ITA"]
[Date "1999.09.18"]
[Round "3"]
[White "Drei, Andrea"]
[Black "Prelati, Maurizio"]
[Result "1-0"]
[WhiteElo "2349"]
[BlackElo "2129"]
[PlyCount "105"]
[EventDate "1999.09.17"]

1.e4 c5 2.Nf3 d6 3.d4 cxd4 4.Qxd4 Nc6 5.Bb5 Bd7 6.Bxc6 Bxc6 7.c4 Nf6 8.Nc3
g6 9.O-O Bg7 10.Qd3 O-O 11.Nd4 Qd7 12.h3 Rfe8 13.Be3 b6 14.Rac1 Rad8 15.
Rfd1 Ba8 16.Nde2 e6 17.f4 Qb7 18.Ng3 d5 19.Rc2 d4 20.e5 dxe3 21.Qxd8 Rxd8 
22.Rxd8+ Ne8 23.Rxe8+ Bf8 24.Nge4 Kg7 25.Nd6 Qc6 26.Rc8 Qd7 27.Rxa8 Bxd6 
28.exd6 Qxd6 29.Re2 Qxf4 30.Rd8 Qxc4 31.Rxe3 b5 32.a3 a5 33.Re1 b4 34.axb4
axb4 35.Ne4 Qc2 36.Rd2 Qc6 37.Kh1 h5 38.Rf2 Qd5 39.Rd2 Qe5 40.Ree2 Qc7 41.
Re1 Qe5 42.Rde2 Qf4 43.Nd2 g5 44.Ne4 Kg6 45.Rf2 Qe5 46.Rff1 Kg7 47.b3 g4 
48.h4 f5 49.Ng5 Qg3 50.Nxe6+ Kf6 51.Nd4 f4 52.Kg1 Kg6 53.Re6+ 1-0

[Event "I Open"]
[Site "Crema ITA"]
[Date "1999.09.18"]
[Round "3"]
[White "Everet, Alexandro"]
[Black "Braghetta, Sergio"]
[Result "1-0"]
[WhiteElo "2294"]
[BlackElo "2270"]
[PlyCount "45"]
[EventDate "1999.09.17"]

1.d4 d5 2.c4 c6 3.e3 Nf6 4.Nc3 e6 5.Bd2 Nbd7 6.Nf3 Bd6 7.Qc2 O-O 8.Bd3 
dxc4 9.Bxc4 e5 10.O-O-O a6 11.e4 Qe7 12.dxe5 Nxe5 13.Nxe5 Bxe5 14.Rde1 Be6
15.Bd3 Rfd8 16.f4 Bxc3 17.Bxc3 Bxa2 18.Re3 h6 19.Rhe1 b5 20.f5 c5 21.e5 
Nd5 22.f6 Qd7 23.Bh7+ 1-0

[Event "I Open"]
[Site "Crema ITA"]
[Date "1999.09.18"]
[Round "3"]
[White "Faggiani, Marco"]
[Black "Aglio, Michele"]
[Result "0-1"]
[WhiteElo "1605"]
[BlackElo "1648"]
[PlyCount "94"]
[EventDate "1999.09.17"]

1.d4 Nf6 2.Nf3 e6 3.e3 d5 4.Bd3 c5 5.c3 Nc6 6.Nbd2 Bd6 7.O-O O-O 8.dxc5 
Bxc5 9.e4 Qc7 10.exd5 exd5 11.Nb3 Bd6 12.h3 h6 13.Nbd4 a6 14.Re1 Bd7 15.
Bd2 Rae8 16.Qc2 Ne5 17.Nxe5 Bxe5 18.Nf3 Bf4 19.Bxf4 Qxf4 20.Qd2 Qc7 21.
Rxe8 Rxe8 22.Re1 Rxe1+ 23.Qxe1 Qb6 24.b3 Bb5 25.Bxb5 Qxb5 26.Qe7 Qc6 27.
Qd8+ Kh7 28.Ne5 Qxc3 29.Nxf7 Qe1+ 30.Kh2 Qxf2 31.Qh8+ Kg6 32.Ne5+ Kf5 33.
Nf3 d4 34.Qc8+ Kg6 35.Qc5 Qxa2 36.Nxd4 Qf2 37.Qc4 Qf4+ 38.Kh1 b5 39.Qc2+ 
Qe4 40.Qc5 Nh5 41.b4 Nf4 42.Qc2 Qxc2 43.Nxc2 Kf5 44.Kg1 Ke4 45.Kf2 Kd3 46.
Ne3 Kc3 47.Nf5 Ne6 0-1

[Event "I Open"]
[Site "Crema ITA"]
[Date "1999.09.18"]
[Round "3"]
[White "Ferrarini, Alessio"]
[Black "Mione, Dario"]
[Result "0-1"]
[WhiteElo "1606"]
[BlackElo "2303"]
[PlyCount "98"]
[EventDate "1999.09.17"]

1.e4 e6 2.d4 d5 3.Nd2 c5 4.Ngf3 Nf6 5.e5 Nfd7 6.c3 Nc6 7.Bd3 Qb6 8.Qb3 
Qxb3 9.axb3 cxd4 10.cxd4 Nb4 11.Bb1 b6 12.O-O a5 13.Rd1 Ba6 14.Nf1 Nb8 15.
Ne1 N8c6 16.Be3 Kd7 17.f4 g6 18.Ng3 Be7 19.Nh1 Rhc8 20.Nf2 h5 21.Rc1 Ra7 
22.Nd1 Nxd4 23.Rxc8 Nxb3 24.Ra3 Bxc8 25.Rxb3 Bc5 26.Nf3 Ba6 27.Bxc5 bxc5 
28.Rc3 Be2 29.Nf2 Bxf3 30.Rxf3 c4 31.Rc3 Rb7 32.Nd1 Rc7 33.Ra3 Rc5 34.Nc3 
Kc7 35.Kf2 Kb7 36.Kf3 Ka6 37.h3 Rc8 38.Ke3 Nc6 39.Ne2 Rb8 40.Ra2 Rb3+ 41.
Kd2 Nb4 42.Nd4 Nxa2 43.Nxb3 cxb3 44.Bd3+ Kb6 45.g4 hxg4 46.hxg4 Kc5 47.f5 
gxf5 48.gxf5 Kd4 49.fxe6 fxe6 0-1

[Event "I Open"]
[Site "Crema ITA"]
[Date "1999.09.18"]
[Round "3"]
[White "Luciani, Valerio"]
[Black "Agnelli, Francesco"]
[Result "1/2-1/2"]
[WhiteElo "2229"]
[BlackElo "2090"]
[PlyCount "86"]
[EventDate "1999.09.17"]

1.e4 c5 2.Nc3 Nc6 3.g3 g6 4.Bg2 Bg7 5.d3 d6 6.Be3 e6 7.Nge2 Nge7 8.O-O O-O
9.Qd2 Nd4 10.Rae1 Nec6 11.a3 Rb8 12.Nc1 b5 13.Nd1 b4 14.axb4 cxb4 15.c3 
bxc3 16.bxc3 Nb5 17.f4 Qc7 18.g4 f5 19.gxf5 exf5 20.Ne2 Kh8 21.Ng3 Ne7 22.
c4 Nd4 23.Qf2 Nec6 24.h4 Rb3 25.Qd2 Nb4 26.Nf2 Rb2 27.Qd1 Ndc2 28.Bc1 Nxe1
29.Bxb2 Bxb2 30.Qxe1 Bd4 31.Kh2 a5 32.Ne2 Bf6 33.h5 gxh5 34.Nc3 Rg8 35.Nb5
Qd8 36.Bh3 Nc6 37.d4 Bh4 38.Qe3 Qf8 39.exf5 Bxf5 40.Bxf5 Qxf5 41.Nxd6 Qd7 
42.Nfe4 Bd8 43.Qh3 Qe7 1/2-1/2

[Event "I Open"]
[Site "Crema ITA"]
[Date "1999.09.18"]
[Round "3"]
[White "Mrdja, Milan"]
[Black "Isonzo, David"]
[Result "1-0"]
[WhiteElo "2425"]
[BlackElo "2257"]
[PlyCount "51"]
[EventDate "1999.09.17"]

1.e4 c5 2.Nf3 d6 3.d4 cxd4 4.Nxd4 Nf6 5.Nc3 a6 6.Bg5 e6 7.f4 Qc7 8.Bxf6 
gxf6 9.Qf3 Nc6 10.O-O-O h5 11.g3 Bd7 12.Bh3 O-O-O 13.f5 Nxd4 14.Rxd4 Be7 
15.Ne2 Qc5 16.Rhd1 Qe5 17.Nf4 h4 18.Kb1 exf5 19.Rd5 Qxe4 20.Qc3+ Kb8 21.
Re1 hxg3 22.Rxe4 fxe4 23.Qxg3 Rdg8 24.Rh5 Rxg3 25.Rxh8+ Kc7 26.hxg3 1-0

[Event "I Open"]
[Site "Crema ITA"]
[Date "1999.09.18"]
[Round "3"]
[White "Noli, Giovanni"]
[Black "Di Cataldo, Cesare"]
[Result "0-1"]
[WhiteElo "1600"]
[BlackElo "1803"]
[PlyCount "70"]
[EventDate "1999.09.17"]

1.e4 c5 2.c3 Nc6 3.d4 cxd4 4.cxd4 d6 5.Nf3 g6 6.b3 Bg7 7.Bb2 Nf6 8.Nbd2 
O-O 9.d5 Nb8 10.Bd3 Nbd7 11.Rc1 Nxd5 12.Bxg7 Nf4 13.Bc4 Kxg7 14.O-O Nb6 
15.e5 Bf5 16.Nd4 Bd3 17.Re1 dxe5 18.N4f3 Bxc4 19.Nxe5 Be6 20.Rc3 Qd4 21.
Qc1 Rfc8 22.Ndc4 Nbd5 23.Rf3 b5 24.Qa3 bxc4 25.bxc4 Nf6 26.Qxe7 Re8 27.Qb7
Rab8 28.Qc7 Rec8 29.Qe7 Qxe5 30.Rf1 Qg5 31.g3 Ne2+ 32.Kh1 Bxc4 33.Rd1 Re8 
34.Qc7 Bd5 35.Rxd5 Qxd5 0-1

[Event "I Open"]
[Site "Crema ITA"]
[Date "1999.09.18"]
[Round "3"]
[White "Righini, Giovanni"]
[Black "Scarrone, Alberto"]
[Result "1-0"]
[WhiteElo "1767"]
[BlackElo "1512"]
[PlyCount "103"]
[EventDate "1999.09.17"]

1.e4 c6 2.d4 d5 3.exd5 cxd5 4.c4 Nf6 5.c5 Nc6 6.Nc3 Bf5 7.Bb5 Qc7 8.Nge2 
e6 9.Bf4 Qd8 10.f3 Be7 11.b4 Qd7 12.O-O O-O 13.Re1 a6 14.Bxc6 Qxc6 15.Nc1 
Bd8 16.Nd3 Bxd3 17.Qxd3 Bc7 18.Bxc7 Qxc7 19.Qd2 Qc6 20.a4 Rfe8 21.b5 Qc7 
22.f4 Qd7 23.g3 h6 24.Reb1 a5 25.Qe2 Rec8 26.b6 Qc6 27.Qb5 Ne8 28.Qxc6 
Rxc6 29.Nb5 Kf8 30.Na7 Rcc8 31.Nxc8 Rxc8 32.Rb5 Ra8 33.Rc1 Ke7 34.c6 bxc6 
35.Rxc6 Kd7 36.b7 Rb8 37.Rc8 Rxc8 38.bxc8=Q+ Kxc8 39.Rxa5 Kb7 40.Kf1 Nd6 
41.Ke2 g6 42.g4 h5 43.h3 h4 44.Rc5 Ne4 45.Rc2 g5 46.Kf3 f6 47.f5 e5 48.
dxe5 fxe5 49.Re2 Nc3 50.Rxe5 d4 51.f6 d3 52.Ke3 1-0

[Event "I Open"]
[Site "Crema ITA"]
[Date "1999.09.18"]
[Round "3"]
[White "Sartorio, Diego"]
[Black "Cammarota, Vittorio"]
[Result "1-0"]
[WhiteElo "1594"]
[BlackElo "1618"]
[PlyCount "83"]
[EventDate "1999.09.17"]

1.e4 c5 2.c3 e6 3.d4 d5 4.exd5 exd5 5.Bb5+ Bd7 6.Qe2+ Qe7 7.Qxe7+ Bxe7 8.
Bxd7+ Nxd7 9.dxc5 Nxc5 10.Ke2 Nf6 11.Nh3 O-O-O 12.Rd1 h6 13.f3 Rhe8 14.Kf1
Bd6 15.Bf4 g5 16.Bxd6 Rxd6 17.Na3 a6 18.Nf2 Ne6 19.Nc2 Red8 20.Nd4 Nxd4 
21.Rxd4 h5 22.Rad1 Ne8 23.Nd3 f6 24.Nb4 Nc7 25.c4 Ne6 26.Rxd5 Rxd5 27.Rxd5
Nc7 28.Rxd8+ Kxd8 29.Ke2 Ke7 30.Ke3 f5 31.Nd5+ Nxd5+ 32.cxd5 Kd6 33.Kd4 b6
34.a3 f4 35.h3 a5 36.b4 axb4 37.axb4 Kd7 38.Ke5 Ke7 39.Kf5 Kd6 40.Kxg5 
Kxd5 41.Kxh5 Ke5 42.Kg5 1-0

[Event "I Open"]
[Site "Crema ITA"]
[Date "1999.09.18"]
[Round "3"]
[White "Scarpellini, Felice"]
[Black "Del Giudice, Stefano"]
[Result "0-1"]
[WhiteElo "1540"]
[BlackElo "1783"]
[PlyCount "54"]
[EventDate "1999.09.17"]

1.c4 g6 2.Nc3 Bg7 3.g3 d6 4.Bg2 e5 5.d3 Ne7 6.Nf3 O-O 7.O-O c6 8.Rb1 f5 9.
e3 Na6 10.d4 e4 11.Ne1 Qe8 12.f3 d5 13.b3 Be6 14.cxd5 cxd5 15.Ba3 Rc8 16.
Na4 Bd7 17.Nc5 Nxc5 18.Bxc5 b6 19.Ba3 Rf6 20.fxe4 fxe4 21.Rxf6 Bxf6 22.Rc1
Nf5 23.Rxc8 Qxc8 24.Nc2 Bg5 25.Qd2 Bb5 26.Bf1 Bxf1 27.Kxf1 Qxc2 0-1

[Event "I Open"]
[Site "Crema ITA"]
[Date "1999.09.18"]
[Round "3"]
[White "Sgro', Antonino"]
[Black "Epitome, Nando"]
[Result "1-0"]
[WhiteElo "1797"]
[BlackElo "1528"]
[PlyCount "69"]
[EventDate "1999.09.17"]

1.e4 c5 2.Nf3 d6 3.Bb5+ Bd7 4.Bxd7+ Nxd7 5.d3 g6 6.Nc3 Bg7 7.Be3 Ngf6 8.h3
O-O 9.Qd2 Re8 10.O-O a6 11.Rab1 Rc8 12.Ng5 b5 13.f4 Rc6 14.Qf2 e6 15.Ne2 
Qe7 16.Ng3 h6 17.Nf3 Nh7 18.c3 f5 19.Rbe1 Qf7 20.Qd2 a5 21.d4 cxd4 22.Nxd4
Bxd4 23.Bxd4 Nhf6 24.Re2 Nc5 25.exf5 gxf5 26.Qe1 Nfe4 27.Nxe4 Nxe4 28.Kh2 
Qg6 29.g4 Kh7 30.gxf5 Qxf5 31.Rxe4 Rg8 32.Re2 Rg6 33.Qb1 Qd5 34.Rg1 Qh5 
35.Reg2 1-0

[Event "I Open"]
[Site "Crema ITA"]
[Date "1999.09.18"]
[Round "3"]
[White "Vujovic, Milorad"]
[Black "Dragojlovic, Andjelko"]
[Result "0-1"]
[WhiteElo "2258"]
[BlackElo "2350"]
[PlyCount "47"]
[EventDate "1999.09.17"]

1.c4 Nf6 2.b3 g6 3.g3 Bg7 4.Bb2 O-O 5.Bg2 c6 6.Nf3 d5 7.O-O Nbd7 8.cxd5 
cxd5 9.Nc3 b6 10.Rc1 Bb7 11.d4 Rc8 12.Ne5 Nxe5 13.dxe5 Ne4 14.Nxe4 dxe4 
15.Rxc8 Qxc8 16.Qc1 Rd8 17.b4 h6 18.Rd1 Qxc1 19.Rxc1 Rd2 20.Rc7 Bd5 21.Rd7
e6 22.Bc3 Rxa2 23.Rd8+ Kh7 24.Rd7 0-1

[Event "I Open"]
[Site "Crema ITA"]
[Date "1999.09.18"]
[Round "4"]
[White "Aglio, Michele"]
[Black "Annoni, Riccardo"]
[Result "1-0"]
[WhiteElo "1648"]
[BlackElo "1855"]
[PlyCount "108"]
[EventDate "1999.09.17"]

1.Nf3 Nc6 2.c4 e5 3.Nc3 Nf6 4.d3 d5 5.cxd5 Nxd5 6.g3 Nb6 7.Bg2 Bg4 8.h3 
Bf5 9.O-O Qd7 10.Kh2 Be7 11.a3 O-O 12.b4 f6 13.Bb2 Rfe8 14.Rc1 a6 15.Qc2 
Kh8 16.Na4 Nxa4 17.Qxa4 Bf8 18.Nh4 Be6 19.Bxc6 bxc6 20.Qxc6 Qf7 21.Qxc7 
Qh5 22.Rh1 Qxe2 23.Qc2 Qh5 24.Qd1 Qf7 25.Re1 Qd7 26.d4 Qa7 27.Kg1 Rad8 28.
Qh5 Bf7 29.Qg4 Be6 30.Qh5 Bf7 31.Qg4 exd4 32.Rxe8 Bxe8 33.Rc8 Qe7 34.Rxd8 
Qxd8 35.Qxd4 Qe7 36.Ng2 Bd7 37.h4 Qe6 38.Ne3 Bc6 39.Qc4 Qe8 40.Qg4 Bb7 41.
h5 Qc6 42.Qh3 Qe4 43.Bc1 Qb1 44.Qf1 Qe4 45.Qg2 Qe7 46.f3 Qe5 47.f4 Qe7 48.
Qf2 Qe4 49.Qg2 Qe7 50.Qc2 h6 51.Kf2 Qe8 52.g4 Bd6 53.Nf5 Bf8 54.Be3 Qe6 
1-0

[Event "I Open"]
[Site "Crema ITA"]
[Date "1999.09.18"]
[Round "4"]
[White "Agnelli, Francesco"]
[Black "Drei, Andrea"]
[Result "0-1"]
[WhiteElo "2090"]
[BlackElo "2349"]
[PlyCount "92"]
[EventDate "1999.09.17"]

1.e4 c5 2.Nf3 e6 3.d4 cxd4 4.Nxd4 Nc6 5.Nc3 Qc7 6.Nxc6 Qxc6 7.Bd3 a6 8.O-O
b5 9.Qe2 Bb7 10.a4 b4 11.Nd5 Nf6 12.c4 Be7 13.Nxe7 Kxe7 14.f3 d6 15.Bg5 h6
16.Bh4 g5 17.Bg3 Nh5 18.Bf2 Nf4 19.Qd2 e5 20.Rfd1 a5 21.Bf1 Ne6 22.b3 Rad8
23.Qe3 Nc5 24.Rd5 Qc7 25.Rd2 f6 26.Rad1 Kf7 27.Kh1 g4 28.Bh4 gxf3 29.Qxf3 
Nxe4 30.Bd3 Ng5 31.Qh5+ Ke7 32.Rf1 Rdf8 33.Bf5 Rfg8 34.Rdf2 Qc6 35.Bh3 Qe8
36.Qg4 Bc8 37.Qxc8 Qxc8 38.Bxc8 Rxc8 39.Rxf6 Kd7 40.Bxg5 hxg5 41.Rd1 Rc6 
42.Kg1 Rh4 43.Rd5 Ke7 44.Rg6 Rg4 45.Rxe5+ Kf7 46.Rh6 Kg7 0-1

[Event "I Open"]
[Site "Crema ITA"]
[Date "1999.09.18"]
[Round "4"]
[White "Bellini, Roberto"]
[Black "Castagneti, Marco"]
[Result "0-1"]
[WhiteElo "1461"]
[BlackElo "1630"]
[PlyCount "86"]
[EventDate "1999.09.17"]

1.d4 Nf6 2.c4 d5 3.Nc3 e6 4.Nf3 a6 5.e3 Nbd7 6.c5 Be7 7.Bd3 c6 8.Qc2 Qc7 
9.h3 e5 10.Nxe5 Nxe5 11.dxe5 Qxe5 12.Ne2 Be6 13.f4 Qc7 14.Bd2 Nh5 15.O-O-O
b5 16.g4 Nf6 17.f5 Bc8 18.Bc3 Bxc5 19.Bd2 Qb6 20.Rde1 O-O 21.g5 Nd7 22.Nd4
Ne5 23.f6 Nxd3+ 24.Qxd3 g6 25.b4 Bd6 26.Nb3 Re8 27.h4 Bf5 28.Qd4 Qc7 29.h5
Re4 30.Qb2 Rc4+ 31.Kd1 Bg4+ 32.Re2 Bxb4 33.Bxb4 Rxb4 34.hxg6 fxg6 35.Kd2 
Bxe2 36.Kxe2 Rg4 37.Qc3 Rxg5 38.Rf1 Kf7 39.Nd4 Rg2+ 40.Kd3 c5 41.Nf3 c4+ 
42.Kd4 Rg4+ 43.Kxd5 Rd8# 0-1

[Event "I Open"]
[Site "Crema ITA"]
[Date "1999.09.18"]
[Round "4"]
[White "Braghetta, Sergio"]
[Black "Luciani, Valerio"]
[Result "0-1"]
[WhiteElo "2270"]
[BlackElo "2229"]
[PlyCount "154"]
[EventDate "1999.09.17"]

1.d4 f5 2.g3 g6 3.Bg2 Bg7 4.Nf3 Nf6 5.O-O O-O 6.Nbd2 d6 7.c3 Nc6 8.Nc4 Qe8
9.d5 Nd8 10.a4 e5 11.dxe6 Bxe6 12.Qd3 Bd5 13.Bg5 Be4 14.Qd1 Nf7 15.Be3 b6 
16.Bd4 d5 17.Ncd2 c5 18.Bxf6 Bxf6 19.Re1 Rb8 20.Nb3 Qe7 21.Bf1 Bxf3 22.
exf3 Qd6 23.f4 Rfe8 24.Qd2 Rxe1 25.Rxe1 Kg7 26.Rd1 Rd8 27.Qe2 Rd7 28.Qf3 
d4 29.Bb5 Rd8 30.cxd4 cxd4 31.Nc1 Qd5 32.Qxd5 Rxd5 33.Nd3 a5 34.Rc1 Bd8 
35.Rc8 Kf6 36.Rb8 Rd6 37.Kf1 Be7 38.Ke2 Bd8 39.Bc4 Be7 40.Bxf7 Kxf7 41.
Ne5+ Ke6 42.Kd3 Bf6 43.Nc4 Rc6 44.Rb7 h5 45.f3 Bh8 46.b3 Bf6 47.h3 Be7 48.
Rxb6 Rxb6 49.Nxb6 Bd8 50.Nc4 Kd5 51.g4 Bc7 52.gxf5 gxf5 53.Kc2 Bd8 54.Nb2 
Bc7 55.Nd3 Bd6 56.Kd2 Bc7 57.Ke2 Bd8 58.Ne5 Bc7 59.Ng6 Kc5 60.Kd3 Kb4 61.
Kxd4 Kxb3 62.Ne7 Bxf4 63.Nxf5 Kxa4 64.Kc4 Ka3 65.Nd4 a4 66.Nb5+ Kb2 67.Kd4
Kb3 68.Ke4 Bd2 69.Kd3 Bh6 70.Nd4+ Kb2 71.Nb5 Bg7 72.f4 Kb3 73.f5 Bf6 74.
Kd2 Kb4 75.Nc7 a3 76.Kc2 a2 77.Nd5+ Ka3 0-1

[Event "I Open"]
[Site "Crema ITA"]
[Date "1999.09.18"]
[Round "4"]
[White "Del Giudice, Stefano"]
[Black "Agrifoglio, Fabio"]
[Result "1/2-1/2"]
[WhiteElo "1783"]
[BlackElo "2010"]
[PlyCount "113"]
[EventDate "1999.09.17"]

1.d4 Nf6 2.Nf3 e6 3.Bg5 d5 4.e3 Be7 5.Bd3 O-O 6.O-O b6 7.Nbd2 c5 8.c3 Ba6 
9.Bxa6 Nxa6 10.Ne5 Rc8 11.f4 Nb8 12.Qf3 Nbd7 13.Rad1 h6 14.Bh4 Nxe5 15.
dxe5 Nd7 16.Bxe7 Qxe7 17.g4 f6 18.Qg3 fxe5 19.fxe5 Qg5 20.Ne4 Rxf1+ 21.
Kxf1 Rf8+ 22.Kg2 Qxe5 23.Nf2 Qxg3+ 24.Kxg3 Nf6 25.a4 e5 26.h4 Rd8 27.g5 
hxg5 28.hxg5 Nh5+ 29.Kg4 g6 30.Nd3 Re8 31.Nf2 Rf8 32.Nd3 Rf5 33.b4 e4 34.
Nb2 Rf3 35.Rxd5 cxb4 36.cxb4 Rxe3 37.Nc4 Rg3+ 38.Kh4 Rh3+ 39.Kg4 Rg3+ 40.
Kh4 Rh3+ 41.Kg4 Rg3+ 42.Kh4 Rd3 43.Rxd3 exd3 44.Kg4 Kf7 45.Kf3 Ke7 46.Ne5 
Nf4 47.Ke3 Ke6 48.Nc6 Kf5 49.Nxa7 Nd5+ 50.Kxd3 Nxb4+ 51.Ke3 Kxg5 52.Nc8 
Nd5+ 53.Kd4 Nc7 54.Nxb6 Kg4 55.Nd7 Kf5 56.Ke3 g5 57.Kf3 1/2-1/2

[Event "I Open"]
[Site "Crema ITA"]
[Date "1999.09.18"]
[Round "4"]
[White "Dragojlovic, Andjelko"]
[Black "Mrdja, Milan"]
[Result "1/2-1/2"]
[WhiteElo "2350"]
[BlackElo "2425"]
[PlyCount "26"]
[EventDate "1999.09.17"]

1.e4 c5 2.Nf3 d6 3.c3 Nf6 4.Be2 Nbd7 5.d3 b6 6.O-O Bb7 7.Re1 e6 8.h3 Be7 
9.Bf4 O-O 10.Bf1 Re8 11.Nbd2 Bf8 12.g4 h6 13.Bg2 e5 1/2-1/2

[Event "I Open"]
[Site "Crema ITA"]
[Date "1999.09.18"]
[Round "4"]
[White "Epitome, Nando"]
[Black "Roncaglioli, Filippo"]
[Result "1-0"]
[WhiteElo "1528"]
[BlackElo "1440"]
[PlyCount "93"]
[EventDate "1999.09.17"]

1.d4 d5 2.c4 c6 3.Nc3 g6 4.Bf4 Nf6 5.e3 Bg7 6.h3 Bf5 7.Nf3 Qb6 8.Qd2 Ne4 
9.Nxe4 Bxe4 10.c5 Qd8 11.Be2 O-O 12.O-O h6 13.b4 Re8 14.Rac1 Nd7 15.Ne1 e5
16.Bg3 Qg5 17.Bf3 Bf5 18.h4 Qe7 19.dxe5 Bxe5 20.Bxe5 Nxe5 21.Qd4 Nxf3+ 22.
Nxf3 h5 23.g3 Kh7 24.Rc3 f6 25.a4 Kg7 26.b5 Qe4 27.Qxe4 dxe4 28.Nd4 Red8 
29.bxc6 bxc6 30.Nxc6 Rd3 31.Rfc1 Rxc3 32.Rxc3 Bd7 33.Nd4 Bxa4 34.c6 a6 35.
Ra3 Bd1 36.c7 Rc8 37.Rxa6 Kf7 38.Rc6 Ba4 39.Rc4 Ke7 40.Nc6+ Kd6 41.Na7 
Rxc7 42.Nc8+ Kd7 43.Nb6+ Kd8 44.Rd4+ Bd7 45.Rd6 Ke8 46.Nxd7 Rxd7 47.Rxf6 
1-0

[Event "I Open"]
[Site "Crema ITA"]
[Date "1999.09.18"]
[Round "4"]
[White "Isonzo, David"]
[Black "Sgro', Antonino"]
[Result "1-0"]
[WhiteElo "2257"]
[BlackElo "1797"]
[PlyCount "106"]
[EventDate "1999.09.17"]

1.e4 c5 2.Nf3 Nc6 3.d4 cxd4 4.Nxd4 e6 5.Nc3 a6 6.Be3 Qc7 7.Bd3 Nf6 8.O-O 
Nxd4 9.Bxd4 Bc5 10.Bxc5 Qxc5 11.Na4 Qc7 12.c4 b6 13.Qe2 d6 14.f3 O-O 15.
Rfd1 Bd7 16.Nc3 Qc5+ 17.Kh1 Rfd8 18.Rac1 Nh5 19.g3 Nf6 20.a3 Qc7 21.Qf2 
Qb7 22.Bf1 Bc6 23.Ne2 Ne8 24.Nd4 Bd7 25.Bg2 Rac8 26.f4 e5 27.Ne2 Bg4 28.
fxe5 Bxe2 29.Qxe2 dxe5 30.Rd5 Qe7 31.Rcd1 Nc7 32.R5d2 Rb8 33.Bh3 Ne6 34.
Bxe6 fxe6 35.Qg4 Rxd2 36.Rxd2 Rf8 37.Kg2 Qf6 38.Qe2 h5 39.h4 g6 40.Rd3 Qe7
41.Rf3 Rxf3 42.Kxf3 Qc5 43.Kg2 Qd4 44.Qc2 a5 45.b4 axb4 46.axb4 Qd6 47.c5 
Qc6 48.b5 Qxb5 49.c6 Qa6 50.c7 Qc8 51.Qc6 Kf7 52.Qxb6 Ke7 53.Qc6 Kf7 1-0

[Event "I Open"]
[Site "Crema ITA"]
[Date "1999.09.18"]
[Round "4"]
[White "Mastrorilli, Nicola"]
[Black "Righini, Giovanni"]
[Result "1/2-1/2"]
[WhiteElo "1932"]
[BlackElo "1767"]
[PlyCount "98"]
[EventDate "1999.09.17"]

1.d4 Nf6 2.Nf3 g6 3.c4 Bg7 4.Nc3 d5 5.cxd5 Nxd5 6.e4 Nxc3 7.bxc3 c5 8.Be3 
Qa5 9.Qd2 O-O 10.Bc4 Nc6 11.Rd1 Rd8 12.h3 cxd4 13.cxd4 Qxd2+ 14.Rxd2 Na5 
15.Rc2 Nxc4 16.Rxc4 b6 17.Rc7 Rd7 18.Rxd7 Bxd7 19.O-O Rc8 20.Rc1 Rxc1+ 21.
Bxc1 Bc6 22.d5 Bb7 23.Be3 f5 24.exf5 Bxd5 25.fxg6 hxg6 26.a4 Bb3 27.a5 
bxa5 28.Bxa7 a4 29.Bc5 Bf8 30.Bd4 a3 31.h4 a2 32.Ne5 Bg7 33.f3 Bc2 34.Kf2 
Kf8 35.Ke2 Ke8 36.Kf2 Bb3 37.g4 Bd5 38.f4 Kd8 39.Nc6+ Kc7 40.Bxg7 Kxc6 41.
Ke3 Be6 42.h5 gxh5 43.gxh5 Bf5 44.Kf3 Kd5 45.Be5 Ke6 46.Kg3 Kf7 47.Kh4 e6 
48.Kg5 Bb1 49.h6 Bf5 1/2-1/2

[Event "I Open"]
[Site "Crema ITA"]
[Date "1999.09.18"]
[Round "4"]
[White "Mione, Dario"]
[Black "Everet, Alexandro"]
[Result "1/2-1/2"]
[WhiteElo "2303"]
[BlackElo "2294"]
[PlyCount "105"]
[EventDate "1999.09.17"]

1.e4 g6 2.d4 Bg7 3.c4 d6 4.Nc3 Nd7 5.g3 e5 6.Nge2 Ne7 7.Bg2 O-O 8.O-O exd4
9.Nxd4 Nb6 10.b3 Nc6 11.Nxc6 bxc6 12.Bb2 Be6 13.Qc2 Rb8 14.Rad1 Qc8 15.
Rfe1 Qb7 16.Ba1 a5 17.Ne2 Bxa1 18.Rxa1 Nd7 19.Nd4 Qb6 20.Qc3 Rfe8 21.Qe3 
Nf8 22.Nxe6 Qxe3 23.Rxe3 Nxe6 24.e5 Nd4 25.exd6 cxd6 26.Rae1 Re6 27.Rd1 c5
28.Bd5 Ne2+ 29.Kg2 Rxe3 30.fxe3 Nc3 31.Rf1 Nxd5 32.cxd5 Kf8 33.Rf4 Ke7 34.
Kf3 Rb4 35.h4 h6 36.g4 Rb5 37.Ke2 g5 38.hxg5 hxg5 39.Rf5 f6 40.Rf1 Rb4 41.
Kf3 a4 42.bxa4 Rxa4 43.Rf2 Kf7 44.Rb2 c4 45.Rc2 Kg6 46.e4 Ra3+ 47.Kf2 Rh3 
48.Rxc4 Rh2+ 49.Ke3 Rxa2 50.Rc6 Ra3+ 51.Kf2 Ra2+ 52.Kf3 Ra3+ 53.Kf2 
1/2-1/2

[Event "I Open"]
[Site "Crema ITA"]
[Date "1999.09.18"]
[Round "4"]
[White "Mondello, Fernando"]
[Black "Bertoncini, Mauro"]
[Result "1-0"]
[WhiteElo "1563"]
[BlackElo "1503"]
[PlyCount "97"]
[EventDate "1999.09.17"]

1.e4 c5 2.Nf3 d6 3.d4 cxd4 4.Nxd4 Nc6 5.Nc3 a6 6.Bc4 Nf6 7.Bb3 g6 8.f3 Bg7
9.Be3 Bd7 10.Qd2 Na5 11.g4 e5 12.Nde2 Nxb3 13.axb3 Bc6 14.O-O-O h5 15.gxh5
Nxh5 16.Qxd6 Qxd6 17.Rxd6 O-O 18.Rhd1 Bf6 19.Bb6 Kg7 20.Nd5 Bg5+ 21.Be3 
Bxe3+ 22.Nxe3 f5 23.Rg1 fxe4 24.Rgxg6+ Kf7 25.fxe4 Bxe4 26.Rh6 Bf3 27.Ng3 
Nxg3 28.hxg3 Be4 29.Rhf6+ Kg7 30.Ng4 Bf5 31.Rxf8 Rxf8 32.Nxe5 Rh8 33.g4 
Rh1+ 34.Rd1 Be4 35.Rxh1 Bxh1 36.g5 Be4 37.Kd2 Kf8 38.c3 Bd5 39.b4 b5 40.
Ke3 Ke7 41.Kf4 Be6 42.Nd3 Kd6 43.Nc5 Bg8 44.Nxa6 Kd5 45.b3 Kd6 46.Nc5 Bh7 
47.Ne4+ Ke6 48.c4 Bg6 49.Nc3 1-0